Anatomy of Movement (Record no. 51)

MARC details
000 -LEADER
fixed length control field 00823nam a2200301 a 4500
001 - CONTROL NUMBER
control field 2053708
003 - CONTROL NUMBER IDENTIFIER
control field OSt
005 - DATE AND TIME OF LATEST TRANSACTION
control field 20170130151127.0
008 - FIXED-LENGTH DATA ELEMENTS--GENERAL INFORMATION
fixed length control field 940322s1993 waua 001 0 eng d
010 ## - LIBRARY OF CONGRESS CONTROL NUMBER
LC control number 93071669
020 ## - INTERNATIONAL STANDARD BOOK NUMBER
International Standard Book Number 0939616173 :
Terms of availability $28.50
035 ## - SYSTEM CONTROL NUMBER
System control number (OCoLC)29606357
040 ## - CATALOGING SOURCE
Original cataloging agency IStc
Transcribing agency IStc
Modifying agency DLC
041 1# - LANGUAGE CODE
Language code of text/sound track or separate title eng
Language code of original fre
042 ## - AUTHENTICATION CODE
Authentication code lccopycat
050 00 - LIBRARY OF CONGRESS CALL NUMBER
Classification number QP301
Item number .C2313 1993
082 00 - DEWEY DECIMAL CLASSIFICATION NUMBER
Classification number QS4 C125 1991
100 2# - MAIN ENTRY--PERSONAL NAME
Personal name Calais-Germain, Blandine.
9 (RLIN) 160
245 10 - TITLE STATEMENT
Title Anatomy of Movement
250 ## - EDITION STATEMENT
Edition statement English language ed.
260 ## - PUBLICATION, DISTRIBUTION, ETC. (IMPRINT)
Place of publication, distribution, etc. Seattle :
Name of publisher, distributor, etc. Eastland Press,
Date of publication, distribution, etc. c1993.
300 ## - PHYSICAL DESCRIPTION
Extent x, 289 p. :
Other physical details ill. ;
Dimensions 26 cm.
504 ## - BIBLIOGRAPHY, ETC. NOTE
Bibliography, etc Includes index.
650 #0 - SUBJECT ADDED ENTRY--TOPICAL TERM
Topical term or geographic name as entry element Human anatomy
9 (RLIN) 161
650 #0 - SUBJECT ADDED ENTRY--TOPICAL TERM
Topical term or geographic name as entry element Masculaskeletal system
9 (RLIN) 162
906 ## - LOCAL DATA ELEMENT F, LDF (RLIN)
a 7
b cbc
c copycat
d 2
e opcn
f 19
g y-gencatlg
942 ## - ADDED ENTRY ELEMENTS (KOHA)
Source of classification or shelving scheme Other/Generic Classification Scheme
Koha item type Open Shelf
Holdings
Withdrawn status Lost status Source of classification or shelving scheme Damaged status Not for loan Home library Current library Date acquired Inventory number Total Checkouts Full call number Barcode Date last seen Price effective from Koha item type
    Other/Generic Classification Scheme     MUST Main Library MUST Main Library 30/06/2014 2009/31773   QS4 C125 1991 2014-0063 30/06/2014 30/06/2014 Open Shelf